Modele BMW - Statystyki

Ogólne statystyki
  • Ten quiz został rozwiązany 206 razy
  • Średni wynik to 26 z 54
Statystyki odpowiedzi
Seria Model % Poprawnych
3. Seria M3
82%
BMW M. M3
82%
5. Seria M5
81%
BMW M. M5
81%
BMW M. M1
76%
6. Seria M6
76%
BMW M. M6
76%
BMW M. M8
75%
Seria X. X5
65%
Seria X. X1
64%
Seria X. X3
64%
Seria X. X6
64%
Seria Z. Z4
61%
3. Seria 330i
56%
3. Seria 320i
55%
Seria Z. Z1
55%
3. Seria 320d
50%
1. Seria 118i
49%
1. Seria 120i
49%
3. Seria 318i
49%
3. Seria 335i
49%
3. Seria 325i
48%
3. Seria 330d
47%
1. Seria 116i
46%
1. Seria 130i
46%
5. Seria 530i
46%
5. Seria 540i
46%
3. Seria 335d
45%
5. Seria 520d
45%
5. Seria 520i
45%
5. Seria 530d
45%
5. Seria 550i
45%
1. Seria 120d
44%
3. Seria 318d
44%
5. Seria 525d
44%
5. Seria 525i
44%
1. Seria 135i
42%
3. Seria 325d
42%
5. Seria 535d
42%
1. Seria 118d
41%
7. Seria 740i
40%
3. Seria 335is
38%
7. Seria 750i
38%
8. Seria 850i
38%
8. Seria 840i
37%
5. Seria 523i
33%
6. Seria 650i
33%
7. Seria 760i
33%
6. Seria 630i
32%
8. Seria 830i
30%
1. Seria 123d
29%
7. Seria 730d
29%
6. Seria 635d
21%
8. Seria 850csi
6%
Nie znaleziono quizów pasujących do podanych kryteriów
Rozkład punktacji
Procent ludzi z każdym wynikiem
Percentyl według liczby udzielonych odpowiedzi
Twoja historia wyników
Nie rozwiązałeś tego quizu